| 000 | 00498nam a22001697a 4500 | ||
|---|---|---|---|
| 003 | NUST - PNEC | ||
| 005 | 20170116181151.0 | ||
| 008 | 151201b xxu||||| |||| 00| 0 eng d | ||
| 020 | _a1578517095 | ||
| 040 | _cLIBRARY | ||
| 082 | _a153.85 GAR | ||
| 100 |
_915461 _aGardner, Howard, |
||
| 245 |
_aChanging minds : the art and science of changing our own and other people's minds _cGardner, Howard, |
||
| 260 | _cc2006. | ||
| 650 |
_915462 _aPersuasion (Psychology) _xGeneral |
||
| 942 |
_2ddc _cBK |
||
| 999 |
_c70971 _d70971 |
||